El secreto de Adrián: (Registro nro. 38583)
[ vista simple ]
| 000 -CABECERA | |
|---|---|
| Longitud fija campo de control | 01330nam a2200337 i 4500 |
| 003 - IDENTIFICADOR DEL NUMERO DE CONTROL | |
| Identificador del número de control | CO-BoRNBP |
| 005 - FECHA Y HORA DE LA ULTIMA TRANSACCION | |
| Fecha y hora de la última transacción | 20241202175138.0 |
| 007 - CAMPO FIJO DE DESCRIPCION FISICA | |
| Campo fijo de descripción física | ta |
| 008 - CODIGOS DE INFORMACION DE LONGITUD FIJA | |
| Códigos de información de longitud fija | 241125b2024ck |||a|||| |||| 00| 0 spa d |
| 020 ## - NUMERO INTERNACIONAL NORMALIZADO PARA LIBROS | |
| Número Internacional Normalizado para Libros (ISBN) | 9786287593923 |
| 040 ## - FUENTE DE LA CATALOGACION | |
| Centro catalogador de origen | CO-BoRNBP |
| Lengua de catalogación | spa |
| Centro transcriptor | CO-BoRNBP |
| Normas de descripción | rda |
| 041 ## - CODIGO DE LENGUA | |
| Código de lengua del texto/banda sonora o título independiente | spa |
| 082 ## - NUMERO DE LA CLASIFICACION DECIMAL DEWEY | |
| Número de clasificación (R) | 862.5 M17s |
| Número de edición | Primera edición |
| 100 ## - PUNTO DE ACCESO PRINCIPAL-NOMBRE DE PERSONA | |
| Nombre de persona | Martínez Santana, Rubén |
| Término indicativo de función | autor |
| 245 ## - TITULO PROPIAMENTE DICHO | |
| Título | El secreto de Adrián: |
| Resto del título | Pieza para títeres grandes y grandes actores/ |
| Mención de responsabilidad, etc. | Rubén Martínez Santana; ilustración, Óscar Soacha; edición, Aura Garnica García |
| 250 ## - MENCION DE EDICION | |
| Mención de edición | Primera edición |
| 264 #4 - PRODUCCION, PUBLICACION , DISTRIBUCION, FABRICACION Y COPYRIGHT | |
| Lugar de producción, publicación, distribución, fabricación | Bogotá, Colombia |
| Nombre del productor, editor, distribuidor, fabricante | Enlace Editorial |
| Fecha de de producción, publicación, distribución, fabricación o copyright | ©2024 |
| 300 ## - DESCRIPCION FISICA | |
| Extensión | 76 páginas, |
| Otras características físicas | ilustraciones a color, |
| Dimensiones | 20 cm. |
| Material Anexo | Cartilla de entrenamiento de lectura. |
| 336 ## - TIPO DE CONTENIDO | |
| Fuente | rdacontenido |
| Término de tipo de contenido | texto |
| Código de tipo de contenido | txt |
| 337 ## - TIPO DE MEDIO | |
| Fuente | rdamedio |
| Nombre del tipo de medio | sin mediación |
| Código del tipo de medio | n |
| 338 ## - TIPO DE SOPORTE | |
| Fuente | rdasoporte |
| Nombre del tipo de soporte | volumen |
| Código del tipo de soporte | nc |
| 490 ## - MENCION DE SERIE | |
| Mención de serie | Colección El Tren Dorado, Cuarta estación |
| 650 ## - PUNTO DE ACCESO ADICIONAL DE MATERIA - TERMINO DE MATERIA | |
| Fuente del encabezamiento | ARMARC |
| Término de materia o nombre geográfico como elemento inicial | Literatura infantil |
| 650 ## - PUNTO DE ACCESO ADICIONAL DE MATERIA - TERMINO DE MATERIA | |
| Fuente del encabezamiento | ARMARC |
| Término de materia o nombre geográfico como elemento inicial | obra teatral infantil |
| 650 ## - PUNTO DE ACCESO ADICIONAL DE MATERIA - TERMINO DE MATERIA | |
| Fuente del encabezamiento | ARMARC |
| Término de materia o nombre geográfico como elemento inicial | Misterio |
| 650 ## - PUNTO DE ACCESO ADICIONAL DE MATERIA - TERMINO DE MATERIA | |
| Fuente del encabezamiento | ARMARC |
| Término de materia o nombre geográfico como elemento inicial | Sociedad |
| Subdivisión de forma | principios |
| 700 1# - PUNTO DE ACCESO ADICIONAL - NOMBRE DE PERSONA | |
| Nombre de persona | Luis Alfonso Rubiano |
| Término indicativo de función | Dirección general |
| 700 1# - PUNTO DE ACCESO ADICIONAL - NOMBRE DE PERSONA | |
| Nombre de persona | Nathalia Castañeda Aponte |
| Término indicativo de función | Dirección editorial |
| 700 1# - PUNTO DE ACCESO ADICIONAL - NOMBRE DE PERSONA | |
| Nombre de persona | Julio Higuera y Jimmy Salcedo |
| Término indicativo de función | Diagramación |
| 942 ## - ENTRADA DE ELEMENTOS AGREGADOS (KOHA) | |
| Fuente de clasificaión o esquema | Dewey Decimal Classification |
| Koha [por defecto] tipo de item | Libro Infantil |
| Perdido | Fuente de clasificación o esquema | Estado Físico | No para préstamo | Forma de adquisición | Localización permanente | Localización actual | Localización en estanterías | Fecha adquisición | Préstamos totales | Signatura completa | Código de barras | Fecha última consulta | Número de copia | Fecha del precio de reemplazo | Tipo de item de Koha | Fecha último préstamo | Fuente de adquisición | Calificador de ubicación codificada |
|---|---|---|---|---|---|---|---|---|---|---|---|---|---|---|---|---|---|---|
| Dewey Decimal Classification | Infantil | Biblioteca Pública Dorado | Biblioteca Pública Dorado | Sala Infantil | 03/31/2025 | 862.5 M17s | DOR00596 | 03/31/2025 | Ej.1 | 03/31/2025 | Libro Infantil | |||||||
| Dewey Decimal Classification | Infantil | Biblioteca Pública José Eustasio Rivera - San Martin | Biblioteca Pública José Eustasio Rivera - San Martin | Sala Infantil | 05/22/2025 | 862.5 M17s | SM03896 | 05/22/2025 | Ej.1 | 05/22/2025 | Libro Infantil | |||||||
| Dewey Decimal Classification | Infantil | Biblioteca Pública San Carlos de Guaroa - Eduardo Carranza | Biblioteca Pública San Carlos de Guaroa - Eduardo Carranza | Literatura | 02/11/2025 | 862.5 M17s | SG02261 | 02/11/2025 | Ej.1 | 02/11/2025 | Libro Infantil | |||||||
| Dewey Decimal Classification | Infantil | Biblioteca Pública Guamal | Biblioteca Pública Guamal | Sala Infantil | 11/25/2024 | 862.5 M17s | GUA004550 | 11/25/2024 | Ej.1 | 11/25/2024 | Libro Infantil | |||||||
| Dewey Decimal Classification | Colección General | Biblioteca Pública La Macarena | Biblioteca Pública La Macarena | Sala Infantil | 06/03/2025 | 862.5 M17s | LM02059 | 06/03/2025 | Ej.1 | 06/03/2025 | Libro Infantil | |||||||
| Dewey Decimal Classification | Infantil | Biblioteca Pública Mesetas - Franco lodo Poloxi | Biblioteca Pública Mesetas - Franco lodo Poloxi | Sala Infantil | 07/24/2025 | C MAR | ME02070 | 12/09/2024 | Ej.1 | 12/09/2024 | Libro Infantil | |||||||
| Dewey Decimal Classification | Infantil | Biblioteca Pública Mesetas - Franco lodo Poloxi | Biblioteca Pública Mesetas - Franco lodo Poloxi | Sala Infantil | 08/20/2025 | C MAR | ME02278 | 08/20/2025 | Ej.1 | 08/20/2025 | Libro Infantil | |||||||
| Dewey Decimal Classification | Infantil | Biblioteca Pública Mesetas - Franco lodo Poloxi | Biblioteca Pública Mesetas - Franco lodo Poloxi | Sala Infantil | 08/20/2025 | C MAR | ME02279 | 08/20/2025 | Ej.1 | 08/20/2025 | Libro Infantil | |||||||
| Dewey Decimal Classification | Infantil | Biblioteca Pública Rural El Yarí- vereda Playa Rica La Macarena | Biblioteca Pública Rural El Yarí- vereda Playa Rica La Macarena | Sala Infantil | 06/13/2025 | 862.5 M17s | 9786287593923 | 07/02/2025 | Ej.1 | 07/02/2025 | Libro Infantil | ministerio de cultura | 9786287593923 | |||||
| Dewey Decimal Classification | Infantil | Biblioteca Pública San Juanito - Ernesto Maria Peña Romero | Biblioteca Pública San Juanito - Ernesto Maria Peña Romero | Sala Infantil | 02/04/2025 | 1 | T MAR | SJU01309 | 02/17/2025 | Ej.1 | 02/04/2025 | LIbro | 02/04/2025 | |||||
| Dewey Decimal Classification | Biblioteca Pública San Juanito - Ernesto Maria Peña Romero | Biblioteca Pública San Juanito - Ernesto Maria Peña Romero | 02/04/2025 | T MAR | SJU01310 | 02/04/2025 | Ej.1 | 02/04/2025 | LIbro | |||||||||
| Dewey Decimal Classification | Biblioteca Pública Vistahermosa | Biblioteca Pública Vistahermosa | 12/09/2024 | 862.5 M17s | VIST 0001470 | 12/09/2024 | Ej.1 | 12/09/2024 | Libro Infantil |